Los derechos de la infancia
Enregistré dans:
| Auteurs principaux: | , , , , |
|---|---|
| Format: | Livre |
| Langue: | espagnol |
| Publié: |
Madrid
Grupo Anaya
2014
|
| Édition: | 1a. ed |
| Sujets: | |
| Tags: |
Ajouter un tag
Pas de tags, Soyez le premier à ajouter un tag!
|
MARC
| LEADER | 00000cam a2200000 a 4500 | ||
|---|---|---|---|
| 001 | UCC8907 | ||
| 003 | CL-VaPUC | ||
| 008 | 190830e20140000sp |||||||||||||||||spa|d | ||
| 020 | |a 9788467861716 | ||
| 082 | 0 | 4 | |a 323.352 |b ALM |2 21 |
| 100 | 0 | |a Almodóvar, Antonio R |e author |9 603608 | |
| 700 | 0 | |a Cansino, Eliacer |e author |9 603609 | |
| 700 | 0 | |a Díaz, Gloria Cecilia |e author |9 603610 | |
| 700 | 0 | |a Fernández Paz, Agustín |e author |9 603611 | |
| 700 | 0 | |a Landa, Mariasun |e author |9 603612 | |
| 245 | 1 | 4 | |a Los derechos de la infancia |
| 250 | |a 1a. ed | ||
| 300 | |a 86 p | ||
| 942 | |c BK | ||
| 945 | |d 20190830 10:52:00 |a cmena | ||
| 260 | |a Madrid |b Grupo Anaya |c 2014 | ||
| 650 | 0 | |a Derechos del niño |9 258728 | |
| 650 | 0 | |a Derecho de familia |9 255603 | |
| 650 | 0 | |a Derecho internacional |9 255637 | |
| 583 | |a last modification |c 20190830 10:52:00 |k Rodrigo Vera | ||
| 999 | |c 375111 |d 375109 | ||
| 952 | |0 0 |1 0 |3 erd |4 0 |6 323_352000000000000_ALM_2014 |7 0 |8 WP_COW |9 561086 |a BIBDER |b BIBDER |e Fundación W and P Cowley |i 5596769 |l 3 |m 7 |o 323.352 ALM 2014 |p 5596769 |r 2023-01-25 |s 2021-10-19 |w 2020-03-12 |y BK |z Catalogado en:20190830 |k WPC | ||